|
|
|
|
| LEADER |
01842nam a2200409 a 4500 |
| 001 |
mzk03001188320 |
| 003 |
CZ BrMZK |
| 005 |
20130322150629.0 |
| 007 |
ta |
| 008 |
130321s1768 xr f f |||| 0 lat d |
| 040 |
|
|
|a BOA001
|b cze
|
| 072 |
|
7 |
|a 72
|x Architektura
|2 Konspekt
|9 21
|
| 072 |
|
7 |
|a 094
|x Staré tisky
|2 Konspekt
|9 12
|
| 080 |
|
|
|a 72
|2 MRF
|
| 080 |
|
|
|a (0.068)094
|2 MRF
|
| 080 |
|
|
|a 025.171
|2 MRF
|
| 100 |
1 |
|
|a Schmidt, Stephan
|4 aut
|
| 245 |
1 |
0 |
|a Tabulae Architecturae civilis, et militaris in usum auditorum concinnatae /
|c a Stephano Schmidt e Societate Jesu in Universitate Olomucensi Matheseos Professore, Facultatis Philosophicae Seniore, et examinatore Regio publ. ac Ordinario
|
| 260 |
|
|
|a Olomucii :
|b Typis Josephae Hirnlianae viduae,
|c 1768
|f (factore Martino Franc. Karletzky)
|
| 300 |
|
|
|a 64, [3] příl. ;
|c 8°
|
| 500 |
|
|
|a Výzdoba: Viněta nad impresem, viněty, architektonická zobrazení na přílohách
|
| 501 |
|
|
|a Přívazek 2 k: Tabulae mathematicae matheseos purae, et architecturae utriusque principia complectens, in usum auditorum conscriptae / Stephan Schmidt
|
| 500 |
|
|
|a Titulní list tištěn majuskulou
|
| 650 |
|
7 |
|a architektura
|7 ph118586
|2 czenas
|
| 655 |
|
7 |
|a staré tisky
|7 fd422076
|2 czenas
|
| 650 |
|
7 |
|a historické knihovní fondy
|7 ph172933
|2 czenas
|
| 856 |
4 |
1 |
|u https://imageserver.mzk.cz/mzk03/001/188/320/328100210020.titul2
|y Digitalizovaný dokument
|
| 903 |
|
|
|a RP
|
| 910 |
|
|
|e BOE950
|c R - N. I. bb. 15,přív.2
|
| 978 |
|
|
|b Hirnleová, Josefa Terezie
|a Olomouc
|c 1768
|
| 978 |
|
|
|b Karlecký, Martin František
|a Olomouc
|c 1768
|
| 984 |
|
|
|a Olomouc
|b Česko
|
| 985 |
|
|
|a 1751-1800
|
| 990 |
|
|
|a BK
|
| 996 |
|
|
|e BOE950
|c R - N. I. bb. 15,přív.2
|
| 991 |
|
|
|k rajhrad
|
| 994 |
|
|
|a UP
|l MZK03
|b 001188283
|m přívazek 2
|n záznam 1. díla (pro objednání pokračujte kliknutím)
|